| 000 | 00760nam a22002657a 4500 | ||
|---|---|---|---|
| 001 | 200461090 | ||
| 003 | TR-AnTOB | ||
| 005 | 20240613153205.0 | ||
| 008 | 240613b tu ||||| |||| 00| 0 tur d | ||
| 020 | _a9786051980690 | ||
| 040 |
_aTR-AnTOB _beng _erda _cTR-AnTOB |
||
| 041 |
_atur _beng |
||
| 092 |
_a372.412 _bAGE 2022 |
||
| 100 |
_qAgee, Jon _eAuthor. |
||
| 245 |
_aBu kitabın ortasında duvar var / _cJon Agee ; çeviri: Emre Ülgen Dal. |
||
| 250 | _a4.bs. | ||
| 260 |
_aİstanbul : _bDomingo ; _c2022. |
||
| 300 |
_a45 Pages. : _bill. ; _c24 cm |
||
| 336 |
_atext _btxt _2rdacontent |
||
| 337 |
_aunmediated _bn _2rdamedia |
||
| 338 |
_avolume _bnc _2rdacarrier |
||
| 942 |
_2ddc _cBK |
||
| 999 |
_c200461090 _d79302 |
||